La Revolución verde y las transformaciones agrarias /
Guardat en:
| Autor principal: | |
|---|---|
| Format: | Text |
| Etiquetes: |
Afegir etiqueta
Sense etiquetes, Sigues el primer a etiquetar aquest registre!
|
MARC
| LEADER | 00000 a a2200000 04500 | ||
|---|---|---|---|
| 001 | 591 | ||
| 003 | |||
| 040 | |||
| 100 | |a Kovaliov, Eugueni | ||
| 245 | |a La Revolución verde y las transformaciones agrarias / |c Eugueni Kovaliov | ||
| 773 | |g número 1; páginas 34-47 | ||
| 999 | |c 39563 |d 39563 | ||
